书目信息 |
| 题名: |
怎样学习和研究历史
|
|
| 作者: | 乔默 , 江溶 编 | |
| 分册: | ||
| 出版信息: | 北京 中国青年出版社 1985.6 |
|
| 页数: | 344页 | |
| 开本: | 20cm | |
| 丛书名: | ||
| 单 册: | ||
| 中图分类: | K06 | |
| 科图分类: | ||
| 主题词: | 历史--研究 | |
| 电子资源: | ||
| ISBN: | ||
| 000 | 00557nam0 2200205 45 | |
| 001 | 0312221749 | |
| 005 | 20050419164810.5 | |
| 010 | @dCNY1.55 | |
| 100 | @a20031222d1985 km y0chiy0120 ea | |
| 101 | @achi | |
| 105 | @a z 000yy | |
| 200 | 1 | @a怎样学习和研究历史@AZen Yang Xue Xi He Yan Jiu Li Shi@f乔默,江溶编@FQiao Mo,Jiang Rong Bian |
| 210 | @a北京@c中国青年出版社@d1985.6 | |
| 215 | @a344页@d20cm | |
| 606 | 0 | @a历史@x研究 |
| 690 | @aK06@v3 | |
| 701 | 0 | @a乔默@4编 |
| 701 | 0 | @a江溶@4编 |
| 801 | @aCN@bTSTCL@c20031222 | |
| 905 | @dK06@e19@b172777@f1 | |
| 怎样学习和研究历史/乔默,江溶编.-北京:中国青年出版社,1985.6 |
| 344页;20cm |
| ISBN :CNY1.55 |
| ● |
| 相关链接 |
|
|
|
|
正题名:怎样学习和研究历史
索取号:K06/19
 
预约/预借
| 序号 | 登录号 | 条形码 | 馆藏地/架位号 | 状态 | 备注 |
| 1 | 0172777 | 002034006 | 密集书库/ [索取号:K06/19] | 在馆 | |
| 2 | 0172779 | 001418433 | 第二样本阅览室/ [索取号:K06/19] | 在馆 |